World Globalisation (Record no. 209444)

MARC details
000 -LEADER
fixed length control field 00529nam a22001817a 4500
005 - DATE AND TIME OF LATEST TRANSACTION
control field 20250219143136.0
010 ## - LCCN (DPL NO)
LC control number ENG-143878
020 ## - INTERNATIONAL STANDARD BOOK NUMBER
Terms of availability 500.00
International Standard Book Number 978192805733
035 ## - SYSTEM CONTROL NUMBER
System control number EN-127410
037 ## - SOURCE OF ACQUISITION
Source of stock number/acquisition DBAD
082 ## - DEWEY DECIMAL CLASSIFICATION NUMBER
Classification number 303.482
100 ## - MAIN ENTRY--PERSONAL NAME
Personal name Kumar Naresh
245 ## - TITLE STATEMENT
Title World Globalisation
Statement of responsibility, etc Edited by Naresh Kumar
Remainder of title Effect And Impact
260 ## - PUBLICATION, DISTRIBUTION, ETC. (IMPRINT)
Place of publication, distribution, etc Guwahati
Name of publisher, distributor, etc Vivek Books
Date of publication, distribution, etc 2015
270 ## - ADDRESS
City Guwahti
Address H. No.- 31, Lal Ganesh, Guwahti
300 ## - PHYSICAL DESCRIPTION
Extent 240Hd
Dimensions 23cm(pbk)
942 ## - ADDED ENTRY ELEMENTS (KOHA)
Source of classification or shelving scheme Dewey Decimal Classification
Item type English Books
Classification part 303.482
Call number suffix KUM
Holdings
Withdrawn status Lost status Not for loan Collection code Home library Current library Date acquired Source of acquisition Cost, normal purchase price Full call number Barcode Cost, replacement price Koha item type
      Non-fiction Central Library Central Library 19/02/2025 DBAD 500.00 303.482 KUM EN-127410 500.00 English Books

© Delhi Public Library
Hit Counter
free hit counter